(Multiple Choice) U.S History - Statistics

General Stats
  • This quiz has been taken 35 times
  • The average score is 7 of 10
Answer Stats
Question Answer % Correct
Which one of these presidents is not American Jair Bolsonaro
100%
Which one of these states is the largest American state. Alaska
97%
Which one of these states is the smallest American state Rhode Island
94%
What is the most populated city in the U.S New York City
91%
Which one of these mountains is the summit of the U.S Mt Denali
88%
Which territory is not American. Bermuda
78%
Which one of these states is a Commonwealth. Virginia
78%
Which one of these capitals is not from an American territory. Nuuk
38%
Which one of these rivers is the longest in the U.S Missouri River
31%
Which basketball team has the most MVPs as of 2025 Boston Celtics
6%
No matching quizzes found
Score Distribution
Percent of People with Each Score
Percentile by Number Answered
Your Score History
You have not taken this quiz